[Event "2. Bundesliga Mitte 2010/11"]
[Site "Sauwald"]
[Date "2010.11.27"]
[Round "4"]
[Board "3"]
[White "Taggatz, Mario"]
[Black "Krebs, Johann"]
[Result "0-1"]
[WhiteElo "2331"]
[BlackElo "2234"]
[PlyCount "80"]
[EventDate "2010.10.16"]
[EventType "team"]
[EventRounds "11"]
[EventCountry "AUT"]
[WhiteTeam "SPG Sauwald 1"]
[BlackTeam "Strassenbahn Graz"]

1.c4 g6 2.g3 Bg7 3.Bg2 c5 4.Nc3 Nc6 5.Nf3 Nf6 6.d4 cxd4 7.Nxd4 O-O 8.O-O Ng4
9.e3 Nge5 10.b3 d6 11.Nde2 Bg4 12.f3 Be6 13.Bb2 Qa5 14.Qd2 a6 15.h3 Rac8 16.Nd4
Bxc4 17.Rfd1 Nxd4 18.exd4 Nd3 19.bxc4 Bxd4+ 20.Kh2 Nxb2 21.Qxd4 Rxc4 22.Qd5 Qxc3
23.Rdc1 Qb4 24.Rab1 Qc5 25.Qxc5 dxc5 26.Rxc4 Nxc4 27.Rxb7 Rd8 28.Rxe7 Rd2 29.Kg1
Rxa2 30.f4 Kf8 31.Re1 Nd6 32.Re5 Rc2 33.g4 a5 34.Bc6 f6 35.Re1 c4 36.Re6 Rd2
37.Re3 Rd3 38.Rxd3 cxd3 39.Kf2 Nc4 40.Bd5 d2 0-1

[Event "2. Bundesliga Mitte 2010/11"]
[Site "Sauwald"]
[Date "2010.11.27"]
[Round "4"]
[Board "4"]
[White "Pesorda, Ivan"]
[Black "Hiermann, Dietmar"]
[Result "1/2-1/2"]
[WhiteElo "2273"]
[BlackElo "2287"]
[PlyCount "87"]
[EventDate "2010.10.16"]
[EventType "team"]
[EventRounds "11"]
[EventCountry "AUT"]
[WhiteTeam "Strassenbahn Graz"]
[BlackTeam "SPG Sauwald 1"]

1.d4 d5 2.c4 e6 3.Nc3 Nf6 4.cxd5 exd5 5.Bg5 Be7 6.e3 O-O 7.Bd3 c6 8.Qc2 Nbd7
9.Nf3 Re8 10.O-O Nf8 11.Rab1 Ne4 12.Bxe4 Bxg5 13.Bf5 Bf6 14.b4 g6 15.Bxc8 Rxc8
16.Qb3 Ne6 17.b5 c5 18.Nxd5 cxd4 19.Rbd1 Nc5 20.Nxf6+ Qxf6 21.Qb2 Ne6 22.exd4
Red8 23.b6 a6 24.h3 Rd5 25.Rc1 Rcd8 26.Rc7 Rb5 27.Qc2 Rxb6 28.Rc8 Nxd4 29.Nxd4
Qxd4 30.Rd1 Qxd1+ 31.Qxd1 Rxc8 32.Qd7 Rf8 33.g4 Rb5 34.Kg2 Ra5 35.Qd2 b6 36.Kg3
h5 37.f4 hxg4 38.hxg4 Rc8 39.f5 Ra3+ 40.Kh4 Rac3 41.fxg6 fxg6 42.Qd5+ Kf8
43.Qd6+ Kf7 44.Qd7+ 1/2-1/2

[Event "2. Bundesliga Mitte 2010/11"]
[Site "Sauwald"]
[Date "2010.11.27"]
[Round "4"]
[Board "5"]
[White "Holzer, Richard"]
[Black "Steiner, Stefan"]
[Result "1-0"]
[WhiteElo "2251"]
[BlackElo "2247"]
[PlyCount "78"]
[EventDate "2010.10.16"]
[EventType "team"]
[EventRounds "11"]
[EventCountry "AUT"]
[WhiteTeam "SPG Sauwald 1"]
[BlackTeam "Strassenbahn Graz"]

1.e4 Nc6 2.d4 d5 3.exd5 Qxd5 4.Nf3 e5 5.Nc3 Bb4 6.Bd2 Bxc3 7.Bxc3 e4 8.Ne5 Nxe5
9.dxe5 Ne7 10.Be2 Be6 11.O-O O-O-O 12.Bg4 Qc4 13.Bxe6+ Qxe6 14.Qe2 Qg6 15.Rfe1
Nd5 16.Bd2 f5 17.exf6 Nxf6 18.Rad1 Rhe8 19.Be3 a6 20.h3 Qf5 21.Qc4 Nd5 22.Qc5 b6
23.Qa3 Kb7 24.Rd2 Nf4 25.Rxd8 Rxd8 26.Qe7 Rd7 27.Qe8 Nxg2 28.Kxg2 Qf3+ 29.Kh2
Rd2 30.Kg1 Rd6 31.Kh2 Rd2 32.Kg1 Rd6 33.Bg5 Rg6 34.h4 Qg4+ 35.Kh2 Re6 36.Qf7 h6
37.Rg1 Qe2 38.Qxe6 hxg5 39.Qd5+ Ka7 1-0

[Event "2. Bundesliga Mitte 2010/11"]
[Site "Sauwald"]
[Date "2010.11.27"]
[Round "4"]
[Board "6"]
[White "Schink, Barbara"]
[Black "Niederwieser, Peter"]
[Result "0-1"]
[WhiteElo "2025"]
[BlackElo "2194"]
[PlyCount "58"]
[EventDate "2010.10.16"]
[EventType "team"]
[EventRounds "11"]
[EventCountry "AUT"]
[WhiteTeam "Strassenbahn Graz"]
[BlackTeam "SPG Sauwald 1"]

1.e4 e6 2.d4 d5 3.Nc3 Nf6 4.e5 Nfd7 5.f4 c5 6.Nf3 Nc6 7.Be3 cxd4 8.Nxd4 Bc5
9.Qd2 O-O 10.O-O-O a6 11.Kb1 Nxd4 12.Bxd4 b5 13.Ne2 a5 14.h4 b4 15.h5 Ba6 16.Rh3
Qc7 17.Rg3 Rfc8 18.Rc1 Bf8 19.Rf3 a4 20.g4 Bc5 21.g5 Qb6 22.Bxc5 Nxc5 23.Ng3
Bxf1 24.Rfxf1 b3 25.cxb3 axb3 26.a3 Qb5 27.Rf3 Ra4 28.Ne2 Rc4 29.Nd4 Ne4 0-1

[Event "2. Bundesliga Mitte 2010/11"]
[Site "Sauwald"]
[Date "2010.11.28"]
[Round "5"]
[Board "1"]
[White "Flumbort, Andras"]
[Black "Kozul, Zdenko"]
[Result "1/2-1/2"]
[WhiteElo "2550"]
[BlackElo "2604"]
[PlyCount "86"]
[EventDate "2010.10.16"]
[EventType "team"]
[EventRounds "11"]
[EventCountry "AUT"]
[WhiteTeam "ASK St. Valentin"]
[BlackTeam "ZH-Technologies-Wolfsberg"]

1.d4 Nf6 2.c4 g6 3.Nc3 Bg7 4.e4 d6 5.Nf3 O-O 6.Be2 e5 7.O-O Nbd7 8.Be3 c6 9.d5
c5 10.Ne1 Kh8 11.Nd3 Ng8 12.Qd2 f5 13.f3 b6 14.b4 f4 15.Bf2 g5 16.a4 a5 17.bxc5
bxc5 18.Rfb1 Nb8 19.Qb2 Na6 20.Qb6 Nb4 21.Qxd8 Rxd8 22.Nb5 Bf8 23.Rb2 Rd7 24.g4
h5 25.h3 Rh7 26.Kg2 Nf6 27.Rab1 Kg8 28.Rb3 Ne8 29.Bg1 Be7 30.R1b2 Bd7 31.Bf2 Kf7
32.Bg1 Nf6 33.Nf2 Rah8 34.Rc3 hxg4 35.hxg4 Ke8 36.Rcb3 Kd8 37.Rc3 Be8 38.Ra3 Kd7
39.Rab3 Bd8 40.Bf1 Ke7 41.Be2 Nd7 42.Kf1 Nb6 43.Ra3 Nd7 1/2-1/2

[Event "2. Bundesliga Mitte 2010/11"]
[Site "Sauwald"]
[Date "2010.11.28"]
[Round "5"]
[Board "2"]
[White "Stevic, Hrvoje"]
[Black "Sandhoefner, Florian"]
[Result "1-0"]
[WhiteElo "2607"]
[BlackElo "2243"]
[PlyCount "113"]
[EventDate "2010.10.16"]
[EventType "team"]
[EventRounds "11"]
[EventCountry "AUT"]
[WhiteTeam "ZH-Technologies-Wolfsberg"]
[BlackTeam "ASK St. Valentin"]

1.e4 e5 2.Nc3 Nf6 3.g3 Bc5 4.Bg2 d6 5.Nge2 Nc6 6.Na4 O-O 7.O-O Re8 8.d3 a6
9.Nxc5 dxc5 10.Be3 Qd6 11.h3 Bd7 12.g4 Rad8 13.Ng3 Bc8 14.g5 Nd7 15.Nf5 Qe6
16.c3 Ne7 17.Qf3 Nf8 18.Bxc5 Nxf5 19.exf5 Qxf5 20.Qxf5 Bxf5 21.Bxb7 Bxd3 22.Rfe1
e4 23.b4 Re5 24.f4 Ree8 25.Kf2 Nd7 26.Bd4 Nb6 27.Rad1 Rb8 28.Bxb6 cxb6 29.Bd5
Rbc8 30.Rc1 Rc7 31.c4 Rec8 32.Rc3 Bxc4 33.Rxe4 b5 34.Ke3 Kf8 35.Bxc4 bxc4 36.Kd2
Rc6 37.Kc2 h6 38.h4 hxg5 39.fxg5 Kg8 40.Rf3 Rb6 41.Kc3 a5 42.a3 axb4+ 43.axb4
Ra6 44.Rxc4 Ra3+ 45.Kb2 Rxc4 46.Kxa3 Rxh4 47.b5 Rg4 48.b6 Rxg5 49.b7 Rb5 50.Rb3
Rxb7 51.Rxb7 g5 52.Kb3 Kg7 53.Kc3 Kg6 54.Kd4 f5 55.Ke5 f4 56.Ke4 Kh5 57.Kf3 1-0

[Event "2. Bundesliga Mitte 2010/11"]
[Site "Sauwald"]
[Date "2010.11.28"]
[Round "5"]
[Board "3"]
[White "Kranzl, Peter"]
[Black "Jovanovic, Zoran"]
[Result "0-1"]
[WhiteElo "2256"]
[BlackElo "2520"]
[PlyCount "132"]
[EventDate "2010.10.16"]
[EventType "team"]
[EventRounds "11"]
[EventCountry "AUT"]
[WhiteTeam "ASK St. Valentin"]
[BlackTeam "ZH-Technologies-Wolfsberg"]

1.e4 d6 2.d4 Nf6 3.Nc3 e5 4.dxe5 dxe5 5.Qxd8+ Kxd8 6.Bg5 c6 7.f4 Nbd7 8.Nf3 Bd6
9.O-O-O Kc7 10.Bxf6 gxf6 11.f5 Nb6 12.Nd2 Rg8 13.Nc4 Bc5 14.g3 Nd7 15.Be2 b5
16.Nd2 Nb6 17.Bh5 Rf8 18.Rhe1 a5 19.Nf1 Nc4 20.Nb1 Nd6 21.Nbd2 a4 22.a3 Kd7
23.Bf3 Ke7 24.Ne3 Ba6 25.c3 Rh8 26.Ndf1 h5 27.Kc2 h4 28.g4 Nb7 29.h3 Bb6 30.Rd2
Rad8 31.Red1 Rxd2+ 32.Rxd2 Nc5 33.Rd1 Nd7 34.Bg2 Bc5 35.Rd2 Rb8 36.Rd1 Bb7
37.Rd2 Nb6 38.Rd1 Ke8 39.Bf3 Ke7 40.Bg2 Rh8 41.Bf3 Bd6 42.Rd2 Kd7 43.Rg2 Be7
44.Rd2+ Kc7 45.Rd1 Bf8 46.Re1 Bh6 47.Rd1 Bf4 48.Re1 Nd7 49.Rd1 Nf8 50.Rd2 Nh7
51.Rd3 Ba6 52.Rd1 Ng5 53.Re1 Rd8 54.Rd1 Rb8 55.Re1 Bb7 56.Rd1 c5 57.Nd5+ Bxd5
58.Rxd5 Kc6 59.Rd1 b4 60.axb4 cxb4 61.cxb4 Rxb4 62.Rd8 Kc7 63.Rh8 Rc4+ 64.Kd3
Rd4+ 65.Kc2 Nxe4 66.Rxh4 Ng5 0-1

[Event "2. Bundesliga Mitte 2010/11"]
[Site "Sauwald"]
[Date "2010.11.28"]
[Round "5"]
[Board "4"]
[White "Wegerer, Fred"]
[Black "Trauner, Rudolf"]
[Result "1/2-1/2"]
[WhiteElo "2218"]
[BlackElo "2222"]
[PlyCount "70"]
[EventDate "2010.10.16"]
[EventType "team"]
[EventRounds "11"]
[EventCountry "AUT"]
[WhiteTeam "ZH-Technologies-Wolfsberg"]
[BlackTeam "ASK St. Valentin"]

1.c4 e6 2.Nf3 Nf6 3.g3 d5 4.Bg2 Be7 5.d4 O-O 6.Qc2 b6 7.Nc3 Bb7 8.Ne5 c6 9.O-O
Nfd7 10.Nxd7 Nxd7 11.cxd5 cxd5 12.Bf4 Rc8 13.Qd3 Nf6 14.Rfc1 Bd6 15.Bxd6 Qxd6
16.Nb5 Qb8 17.Qa3 a6 18.Rxc8 Rxc8 19.Nd6 Rc6 20.Nxb7 Qxb7 21.Bf3 g6 22.Kg2 a5
23.b4 axb4 24.Qxb4 Qc7 25.e3 Kg7 26.Rb1 h5 27.h3 Rc2 28.a4 Qc4 29.Qxc4 Rxc4
30.Bd1 Nd7 31.Kf3 Kf6 32.Be2 Rxa4 33.Bb5 Ra7 34.Bxd7 Rxd7 35.Rxb6 Ra7 1/2-1/2

[Event "2. Bundesliga Mitte 2010/11"]
[Site "Sauwald"]
[Date "2010.11.28"]
[Round "5"]
[Board "5"]
[White "Heimberger, Reinhard"]
[Black "Waldmann, Gerald"]
[Result "1-0"]
[WhiteElo "2302"]
[BlackElo "2212"]
[PlyCount "91"]
[EventDate "2010.10.16"]
[EventType "team"]
[EventRounds "11"]
[EventCountry "AUT"]
[WhiteTeam "ASK St. Valentin"]
[BlackTeam "ZH-Technologies-Wolfsberg"]

1.d4 d5 2.c4 c6 3.Nc3 Nf6 4.Nf3 e6 5.e3 Nbd7 6.b3 Bb4 7.Bd2 Qe7 8.Qc2 e5 9.cxd5
cxd5 10.dxe5 Nxe5 11.Bb5+ Kf8 12.Nxe5 Qxe5 13.f4 Qh5 14.Ne2 Bxd2+ 15.Qxd2 Be6
16.O-O Ne4 17.Qb4+ Kg8 18.Bd3 b6 19.Nd4 Nc5 20.Bb5 Bf5 21.Nc6 Qh4 22.Rac1 h5
23.Qd4 Be4 24.Rf2 Rh6 25.b4 Ne6 26.Qe5 Qf6 27.Qd6 Kh7 28.Rd2 Qh4 29.Qe7 Rf6
30.g3 Qg4 31.Ne5 Qf5 32.Bf1 Rd8 33.h4 d4 34.Kh2 dxe3 35.Rxd8 Nxf4 36.Qe8 Ng6
37.Qg8+ Kh6 38.Qh8+ Nxh8 39.Rxh8+ Qh7 40.Rxh7+ Kxh7 41.Re1 Rf2+ 42.Kg1 Rxa2
43.Nxf7 Bd5 44.Ng5+ Kg6 45.Rxe3 Bb7 46.b5 1-0

[Event "2. Bundesliga Mitte 2010/11"]
[Site "Sauwald"]
[Date "2010.11.28"]
[Round "5"]
[Board "6"]
[White "Toefferl, Heimo"]
[Black "Petroczi, Thomas"]
[Result "0-1"]
[WhiteElo "2126"]
[BlackElo "2206"]
[PlyCount "82"]
[EventDate "2010.10.16"]
[EventType "team"]
[EventRounds "11"]
[EventCountry "AUT"]
[WhiteTeam "ZH-Technologies-Wolfsberg"]
[BlackTeam "ASK St. Valentin"]

1.d4 Nf6 2.c4 e6 3.Nc3 Bb4 4.e3 b6 5.Bd3 Bb7 6.f3 O-O 7.Nge2 d5 8.cxd5 exd5
9.O-O Re8 10.Bd2 Bf8 11.Rc1 a6 12.Ng3 g6 13.Qe1 c5 14.Qf2 Nc6 15.Nce2 Rc8 16.Kh1
Qd6 17.dxc5 bxc5 18.Bc3 Bg7 19.e4 d4 20.Bd2 Ne5 21.Bc4 Nxc4 22.Rxc4 Nd7 23.b4
Qe6 24.Rfc1 Ne5 25.Nf4 Qxc4 26.Rxc4 Nxc4 27.bxc5 Rxc5 28.Nd3 Rb5 29.h4 Rb1+
30.Be1 Rc8 31.Qc2 Na3 32.Qa4 Nc2 33.Qa5 Nxe1 34.Nxe1 d3 35.Kh2 Bc3 36.Qg5 d2
37.Nd3 d1=Q 38.Nf4 Qd8 39.Qg4 Rb5 40.Nf5 Be5 41.Nh6+ Kg7 0-1

[Event "2. Bundesliga Mitte 2010/11"]
[Site "Sauwald"]
[Date "2010.11.28"]
[Round "5"]
[Board "1"]
[White "Renner, Christoph"]
[Black "Lenic, Luka"]
[Result "1/2-1/2"]
[WhiteElo "2420"]
[BlackElo "2603"]
[PlyCount "118"]
[EventDate "2010.10.16"]
[EventType "team"]
[EventRounds "11"]
[EventCountry "AUT"]
[WhiteTeam "SPG Sauwald 1"]
[BlackTeam "SV Raika Rapid Feffernitz"]

1.d4 Nf6 2.Nf3 e6 3.Bg5 h6 4.Bh4 d6 5.h3 b6 6.e3 Bb7 7.Be2 Be7 8.Nbd2 Nbd7 9.a4
a6 10.a5 b5 11.Bg3 c5 12.O-O c4 13.c3 O-O 14.Qc2 Re8 15.e4 Bf8 16.e5 dxe5
17.Nxe5 Nxe5 18.Bxe5 Nd7 19.Bf3 Bd5 20.Bg3 Nb8 21.Bxb8 Rxb8 22.Rfe1 b4 23.Qd1
Qc7 24.Nf1 Red8 25.Ne3 Rb5 26.Bxd5 exd5 27.Qh5 bxc3 28.bxc3 Rxa5 29.Rab1 g6
30.Qf3 Qd7 31.h4 Ra3 32.Rbc1 h5 33.g4 hxg4 34.Nxg4 Qf5 35.Qg2 Bg7 36.Re7 Rb3
37.Ne3 Qf6 38.Ra7 Qb6 39.Re7 Rb1 40.Rxb1 Qxb1+ 41.Nf1 Qb6 42.h5 Qd6 43.Re3 Bh6
44.Rf3 Bf4 45.hxg6 fxg6 46.Qg4 Rf8 47.Ne3 Bxe3 48.Rxe3 Qf6 49.Rf3 Qb6 50.Rxf8+
Kxf8 51.Qf3+ Ke7 52.Qxd5 Qe6 53.Qc5+ Kf7 54.Kh2 Qe2 55.Qc7+ Kg8 56.Qc8+ Kg7
57.Qc7+ Kf6 58.Kg3 Qd3+ 59.f3 Qxc3 1/2-1/2

[Event "2. Bundesliga Mitte 2010/11"]
[Site "Sauwald"]
[Date "2010.11.28"]
[Round "5"]
[Board "2"]
[White "Sebenik, Matej"]
[Black "Testor, Sebastian"]
[Result "1-0"]
[WhiteElo "2516"]
[BlackElo "2365"]
[PlyCount "127"]
[EventDate "2010.10.16"]
[EventType "team"]
[EventRounds "11"]
[EventCountry "AUT"]
[WhiteTeam "SV Raika Rapid Feffernitz"]
[BlackTeam "SPG Sauwald 1"]

1.e4 e6 2.d4 d5 3.Nd2 Be7 4.Ngf3 Nf6 5.Bd3 c5 6.e5 Nfd7 7.c3 Nc6 8.O-O h5 9.Re1
g5 10.dxc5 g4 11.Nd4 Ndxe5 12.Bb5 Bd7 13.Bxc6 Nxc6 14.N2b3 Qc7 15.Nb5 Qb8 16.Be3
Ne5 17.Nd6+ Bxd6 18.cxd6 f6 19.Bg5 fxg5 20.Rxe5 Qxd6 21.Qd4 O-O-O 22.Rae1 Qb6
23.Nc5 Rhg8 24.b4 Rg6 25.a4 Kb8 26.Rxg5 Rxg5 27.Qf4+ Qc7 28.Qxg5 Bc8 29.Qf6 Qd6
30.Qd4 Rf8 31.Re5 h4 32.g3 hxg3 33.hxg3 b6 34.Nd3 Qc7 35.Re3 Qh7 36.Qxg4 e5
37.Qg5 Rf5 38.Qd8 e4 39.Qd6+ Qc7 40.Qxc7+ Kxc7 41.Nf4 Kd6 42.c4 Bb7 43.cxd5 Bxd5
44.Re2 Bc6 45.Rd2+ Ke7 46.b5 Bb7 47.Ng2 Rd5 48.Rc2 Rc5 49.Rxc5 bxc5 50.Ne3 Kd6
51.Kf1 Ke5 52.Ke2 Bc8 53.Kd2 Kd4 54.g4 Be6 55.g5 Ke5 56.Kc3 Kf4 57.g6 Kg5 58.g7
Kf6 59.a5 Kxg7 60.b6 axb6 61.axb6 Bc8 62.Nf5+ Kf6 63.Nd6 Ba6 64.Nxe4+ 1-0

[Event "2. Bundesliga Mitte 2010/11"]
[Site "Sauwald"]
[Date "2010.11.28"]
[Round "5"]
[Board "3"]
[White "Taggatz, Mario"]
[Black "Diermair, Andreas"]
[Result "1/2-1/2"]
[WhiteElo "2331"]
[BlackElo "2354"]
[PlyCount "81"]
[EventDate "2010.10.16"]
[EventType "team"]
[EventRounds "11"]
[EventCountry "AUT"]
[WhiteTeam "SPG Sauwald 1"]
[BlackTeam "SV Raika Rapid Feffernitz"]

1.c4 c6 2.g3 d5 3.Nf3 Nf6 4.Bg2 Bg4 5.Ne5 Be6 6.cxd5 Bxd5 7.Nf3 e5 8.O-O e4
9.Ne1 Be7 10.Nc3 Qd7 11.d3 exd3 12.Nxd5 cxd5 13.Nxd3 Nc6 14.Bf4 O-O 15.Rc1 Rad8
16.Ne5 Qe6 17.Nxc6 bxc6 18.Be3 d4 19.Bg5 c5 20.b3 Nd5 21.Bxe7 Qxe7 22.Bxd5 Rxd5
23.Qd3 Re5 24.Rfe1 Re8 25.b4 cxb4 26.Qxd4 Rd8 27.Qb2 h5 28.Rc4 Re4 29.Qc2 Rxc4
30.Qxc4 Rd2 31.e4 a5 32.Re2 Rd1+ 33.Kg2 g6 34.Qb5 Qd8 35.h4 Qd3 36.Qe8+ Kg7
37.Qe5+ Kh7 38.Qe7 Kg7 39.Qe5+ Kg8 40.Qe8+ Kg7 41.Qe5+ 1/2-1/2

[Event "2. Bundesliga Mitte 2010/11"]
[Site "Sauwald"]
[Date "2010.11.28"]
[Round "5"]
[Board "4"]
[White "Novak, Pavel"]
[Black "Hiermann, Dietmar"]
[Result "1-0"]
[WhiteElo "2381"]
[BlackElo "2287"]
[PlyCount "51"]
[EventDate "2010.10.16"]
[EventType "team"]
[EventRounds "11"]
[EventCountry "AUT"]
[WhiteTeam "SV Raika Rapid Feffernitz"]
[BlackTeam "SPG Sauwald 1"]

1.e4 e5 2.Nf3 Nc6 3.Bb5 a6 4.Ba4 Nf6 5.d4 b5 6.Bb3 exd4 7.e5 Ne4 8.Bd5 Nc5
9.Nxd4 Bb7 10.O-O Nxd4 11.Bxb7 Nxb7 12.Qxd4 Qe7 13.Nc3 Qb4 14.Qd5 c6 15.Qf3 Be7
16.Rd1 Rd8 17.Qg3 g6 18.Bg5 Bxg5 19.Qxg5 Nc5 20.Qe3 Ne6 21.Ne4 Qxb2 22.Rab1 Qxa2
23.Nd6+ Kf8 24.Qf3 Ng7 25.Qf6 Ra8 26.c4 1-0

[Event "2. Bundesliga Mitte 2010/11"]
[Site "Sauwald"]
[Date "2010.11.28"]
[Round "5"]
[Board "5"]
[White "Kirschner, Alexander"]
[Black "Perhinig, Robert"]
[Result "1/2-1/2"]
[WhiteElo "2260"]
[BlackElo "2262"]
[PlyCount "120"]
[EventDate "2010.10.16"]
[EventType "team"]
[EventRounds "11"]
[EventCountry "AUT"]
[WhiteTeam "SPG Sauwald 1"]
[BlackTeam "SV Raika Rapid Feffernitz"]

1.c4 e6 2.e4 d5 3.exd5 exd5 4.cxd5 Nf6 5.Bb5+ Nbd7 6.Nc3 Be7 7.Nf3 O-O 8.O-O Nb6
9.d4 Nbxd5 10.Re1 c6 11.Bc4 Nb6 12.Bb3 Bg4 13.h3 Bh5 14.g4 Bg6 15.Ne5 Nfd7 16.f4
Nxe5 17.dxe5 Bd3 18.Qf3 Bc4 19.Bc2 Bc5+ 20.Be3 Bxe3+ 21.Rxe3 Qh4 22.b3 Bd5
23.Nxd5 Nxd5 24.Re2 Rad8 25.Rf1 Qe7 26.Kh1 Qc5 27.Be4 f6 28.e6 Ne7 29.f5 Rd4
30.h4 Rfd8 31.g5 Qe5 32.Kg2 fxg5 33.hxg5 Rf8 34.Bxc6 Qxf5 35.Qxf5 Rxf5 36.Rxf5
Nxf5 37.Bxb7 Kf8 38.Be4 g6 39.Bxf5 gxf5 40.Re5 Rd2+ 41.Kf3 Rxa2 42.Rxf5+ Ke7
43.Rf7+ Kxe6 44.Rxh7 Kf5 45.Ke3 Kxg5 46.Kd3 Kf6 47.Rd7 Ke6 48.Rd4 Ra6 49.Kc3 Rd6
50.Ra4 a6 51.Rc4 Kd7 52.Kb4 Rc6 53.Rh4 Rb6+ 54.Ka4 Kc7 55.b4 Kb7 56.Rh5 Rg6
57.Ka5 Ka7 58.Rh7+ Ka8 59.Rd7 Kb8 60.Re7 Ka8 1/2-1/2

[Event "2. Bundesliga Mitte 2010/11"]
[Site "Sauwald"]
[Date "2010.11.28"]
[Round "5"]
[Board "6"]
[White "Tschohl, Christof"]
[Black "Niederwieser, Peter"]
[Result "1-0"]
[WhiteElo "2151"]
[BlackElo "2194"]
[PlyCount "79"]
[EventDate "2010.10.16"]
[EventType "team"]
[EventRounds "11"]
[EventCountry "AUT"]
[WhiteTeam "SV Raika Rapid Feffernitz"]
[BlackTeam "SPG Sauwald 1"]

1.e4 e6 2.d4 d5 3.exd5 exd5 4.c4 Nf6 5.Nc3 Bb4 6.Bd3 O-O 7.Nge2 dxc4 8.Bxc4 Nc6
9.O-O Bg4 10.f3 Bh5 11.Be3 Qd7 12.d5 Ne5 13.Bb5 c6 14.dxc6 bxc6 15.Qxd7 Nfxd7
16.Ba4 Nb6 17.Bb3 Nec4 18.Bxb6 Nxb6 19.Rfd1 Bg6 20.Nf4 Bf5 21.g4 Bc8 22.Ne4 Ba6
23.Rac1 Rac8 24.a3 Be7 25.a4 Bb4 26.Nd6 Bxd6 27.Rxd6 Bb7 28.Rcd1 a5 29.Kf2 g6
30.Kg3 Kg7 31.h4 h6 32.h5 g5 33.Ne2 Rce8 34.Nd4 f6 35.Ne6+ Kh8 36.Nxf8 Rxf8
37.Rd8 Kg7 38.Rxf8 Kxf8 39.Rd8+ Ke7 40.Rb8 1-0

[Event "2. Bundesliga Mitte 2010/11"]
[Site "Sauwald"]
[Date "2010.11.28"]
[Round "5"]
[Board "1"]
[White "Freitag, Manfred"]
[Black "Horvath, Csaba"]
[Result "1/2-1/2"]
[WhiteElo "2382"]
[BlackElo "2529"]
[PlyCount "24"]
[EventDate "2010.10.16"]
[EventType "team"]
[EventRounds "11"]
[EventCountry "AUT"]
[WhiteTeam "ESV Austria Graz"]
[BlackTeam "SC Die Klagenfurter"]

1.d4 Nf6 2.c4 e6 3.Nf3 d5 4.g3 Bb4+ 5.Bd2 Be7 6.Bg2 O-O 7.O-O Nbd7 8.Qc2 c6
9.Bf4 Nh5 10.Bc1 Nhf6 11.Bf4 Nh5 12.Bc1 Nhf6 1/2-1/2

[Event "2. Bundesliga Mitte 2010/11"]
[Site "Sauwald"]
[Date "2010.11.28"]
[Round "5"]
[Board "2"]
[White "Pilaj, Herwig"]
[Black "Karner, Christoph"]
[Result "1/2-1/2"]
[WhiteElo "2349"]
[BlackElo "2322"]
[PlyCount "24"]
[EventDate "2010.10.16"]
[EventType "team"]
[EventRounds "11"]
[EventCountry "AUT"]
[WhiteTeam "SC Die Klagenfurter"]
[BlackTeam "ESV Austria Graz"]

1.c4 g6 2.g3 Bg7 3.Bg2 Nf6 4.Nc3 d6 5.e4 O-O 6.Nge2 c5 7.O-O Nc6 8.d3 Bd7 9.Be3
Ng4 10.Bc1 Nf6 11.Be3 Ng4 12.Bc1 Nf6 1/2-1/2

[Event "2. Bundesliga Mitte 2010/11"]
[Site "Sauwald"]
[Date "2010.11.28"]
[Round "5"]
[Board "3"]
[White "Kotz, Heinz Peter"]
[Black "Genser, Harald"]
[Result "1/2-1/2"]
[WhiteElo "2330"]
[BlackElo "2281"]
[PlyCount "60"]
[EventDate "2010.10.16"]
[EventType "team"]
[EventRounds "11"]
[EventCountry "AUT"]
[WhiteTeam "ESV Austria Graz"]
[BlackTeam "SC Die Klagenfurter"]

1.e4 c6 2.d4 d5 3.exd5 cxd5 4.c4 Nf6 5.Nc3 Nc6 6.Nf3 Bg4 7.cxd5 Nxd5 8.Qb3 Bxf3
9.gxf3 e6 10.Qxb7 Nxd4 11.Bb5+ Nxb5 12.Qc6+ Ke7 13.Qxb5 Nxc3 14.bxc3 Rb8 15.Qe5
f6 16.Qc5+ Kf7 17.Qxa7+ Be7 18.O-O Qd5 19.Qe3 Rhc8 20.a4 Rc4 21.Ba3 Rxa4 22.Bxe7
Rxa1 23.Rxa1 Kxe7 24.c4 Qc6 25.Ra7+ Rb7 26.Rxb7+ Qxb7 27.Qc5+ Kf7 28.Qh5+ Kf8
29.Qc5+ Kf7 30.Qh5+ Kf8 1/2-1/2

[Event "2. Bundesliga Mitte 2010/11"]
[Site "Sauwald"]
[Date "2010.11.28"]
[Round "5"]
[Board "4"]
[White "Petschar, Kurt"]
[Black "Fahrner, Kurt"]
[Result "1/2-1/2"]
[WhiteElo "2304"]
[BlackElo "2314"]
[PlyCount "89"]
[EventDate "2010.10.16"]
[EventType "team"]
[EventRounds "11"]
[EventCountry "AUT"]
[WhiteTeam "SC Die Klagenfurter"]
[BlackTeam "ESV Austria Graz"]

1.e4 g6 2.d4 Bg7 3.Nc3 d6 4.Be3 a6 5.Qd2 Nd7 6.Nf3 b5 7.Bd3 c5 8.O-O Bb7 9.a4 b4
10.Ne2 Qc7 11.Ng3 Ngf6 12.Bh6 Bxh6 13.Qxh6 cxd4 14.Nxd4 e5 15.Nb3 Nc5 16.Nxc5
Qxc5 17.Rae1 Ke7 18.h3 Bc8 19.Kh2 Be6 20.Ne2 g5 21.Qxg5 Rhg8 22.Qh4 Rg6 23.Rg1
a5 24.f4 Bd7 25.f5 Rg7 26.Ng3 Qf2 27.Ref1 Qd2 28.Nh5 Qg5 29.Qxg5 Rxg5 30.Nxf6
Kxf6 31.b3 Bc6 32.g4 h5 33.gxh5 Rxh5 34.Rg4 Rah8 35.Rf3 Rg5 36.Rfg3 Rhg8 37.Rxg5
Rxg5 38.Rxg5 Kxg5 39.Kg3 d5 40.h4+ Kf6 41.exd5 Bxd5 42.Kg4 Bb7 43.Kg3 Bc8 44.Kg4
Bb7 45.Kg3 1/2-1/2

[Event "2. Bundesliga Mitte 2010/11"]
[Site "Sauwald"]
[Date "2010.11.28"]
[Round "5"]
[Board "5"]
[White "Aschenbrenner, Robert"]
[Black "Titz, Heimo"]
[Result "1-0"]
[WhiteElo "2229"]
[BlackElo "2225"]
[PlyCount "59"]
[EventDate "2010.10.16"]
[EventType "team"]
[EventRounds "11"]
[EventCountry "AUT"]
[WhiteTeam "ESV Austria Graz"]
[BlackTeam "SC Die Klagenfurter"]

1.d4 Nf6 2.Nf3 e6 3.e3 c5 4.Bd3 b6 5.O-O Bb7 6.Nbd2 Be7 7.b3 O-O 8.Bb2 Nc6 9.a3
d5 10.Qe2 Rc8 11.Rfd1 cxd4 12.exd4 Qc7 13.Rac1 Rfd8 14.c4 dxc4 15.bxc4 Bd6 16.d5
Ne7 17.dxe6 Ng6 18.exf7+ Qxf7 19.Bf5 Nf4 20.Qf1 Rc5 21.Bxf6 Qxf6 22.Be4 Rc7
23.c5 bxc5 24.Bxb7 Rxb7 25.Ne4 Qg6 26.Nxd6 Rxd6 27.Rxd6 Qxd6 28.Rd1 Qf8 29.Qc4+
Rf7 30.Ne5 1-0

[Event "2. Bundesliga Mitte 2010/11"]
[Site "Sauwald"]
[Date "2010.11.28"]
[Round "5"]
[Board "6"]
[White "Wertjanz, David"]
[Black "Pfaffel, Thomas"]
[Result "1-0"]
[WhiteElo "2209"]
[BlackElo "2193"]
[PlyCount "131"]
[EventDate "2010.10.16"]
[EventType "team"]
[EventRounds "11"]
[EventCountry "AUT"]
[WhiteTeam "SC Die Klagenfurter"]
[BlackTeam "ESV Austria Graz"]

1.e4 d5 2.exd5 Qxd5 3.Nf3 e5 4.Nc3 Qe6 5.Bb5+ c6 6.Ba4 Qg6 7.Qe2 Qxg2 8.Rg1 Qh3
9.Qxe5+ Qe6 10.Bb3 Qxe5+ 11.Nxe5 Be6 12.Bxe6 fxe6 13.Ne4 Nd7 14.d4 Nxe5 15.dxe5
O-O-O 16.Be3 b6 17.Ng5 Nh6 18.Nxe6 Re8 19.Nxf8 Rxe5 20.Rxg7 Rxf8 21.Rxa7 Kb8
22.Rxh7 Ng4 23.O-O-O Nxe3 24.fxe3 Rxe3 25.h4 Kc8 26.Rg1 Ref3 27.b3 Rf1+ 28.Rxf1
Rxf1+ 29.Kb2 Rf3 30.b4 b5 31.c3 Rh3 32.Kb3 Kd8 33.h5 Kc8 34.h6 Kb8 35.Rh8+ Kb7
36.h7 Rh2 37.a4 Rh3 38.a5 Rh2 39.Ka3 Ka7 40.Rc8 Rxh7 41.Rxc6 Rh2 42.Kb3 Rg2
43.Rb6 Rg5 44.Rd6 Rg2 45.Rd1 Ka6 46.Ra1 Rh2 47.Ra2 Rh3 48.Re2 Rg3 49.Kc2 Rh3
50.Kd2 Rh1 51.Re6+ Ka7 52.Rb6 Rh5 53.Kd3 Rd5+ 54.Ke4 Rh5 55.Kd4 Rh4+ 56.Kc5 Rc4+
57.Kxb5 Rxc3 58.Rg6 Rb3 59.Rg7+ Kb8 60.a6 Rb1 61.Ka5 Rh1 62.b5 Rh8 63.Re7 Ka8
64.b6 Rg8 65.Kb5 Kb8 66.a7+ 1-0

[Event "2. Bundesliga Mitte 2010/11"]
[Site "Sauwald"]
[Date "2010.11.28"]
[Round "5"]
[Board "1"]
[White "Horvath, Tamas"]
[Black "Tratar, Marko"]
[Result "1/2-1/2"]
[WhiteElo "2414"]
[BlackElo "2475"]
[PlyCount "66"]
[EventDate "2010.10.16"]
[EventType "team"]
[EventRounds "11"]
[EventCountry "AUT"]
[WhiteTeam "RbEJ Gleisdorf"]
[BlackTeam "SK MPOE Maria Saal"]

1.e4 e6 2.d4 d5 3.Nd2 c5 4.Ngf3 Nf6 5.exd5 Nxd5 6.Ne4 cxd4 7.Nxd4 Be7 8.Bb5+ Bd7
9.O-O O-O 10.Bc4 Nb6 11.Bb3 Nc6 12.Nxc6 Bxc6 13.Qe2 Qc7 14.Re1 Bd5 15.Bxd5 Nxd5
16.c4 Nb4 17.Bd2 Nc2 18.Ba5 Qxa5 19.Qxc2 Rfd8 20.a3 Rd4 21.c5 Rad8 22.b4 Qa6
23.g3 Qc4 24.Rac1 Qxc2 25.Rxc2 a5 26.bxa5 f5 27.Nd6 Bxd6 28.cxd6 R4xd6 29.Rc7
Rd1 30.Kf1 Rxe1+ 31.Kxe1 Rd5 32.Rxb7 Rxa5 33.Rb3 g5 1/2-1/2